| 000 | 00466nam a22001577a 4500 | ||
|---|---|---|---|
| 003 | PILC | ||
| 005 | 20150511110434.0 | ||
| 008 | 150511b xxu||||| |||| 00| 0 eng d | ||
| 020 | _a01190660 | ||
| 050 |
_aPL 6058.4 _b.Si577 1998 |
||
| 245 |
_aSiglo : _ba journal of the Philippine centennial commission / |
||
| 260 |
_aManila : _bPhilippine Centennial Commission, _c1998. |
||
| 300 |
_aiv, 203 pages ; _c24 cm. |
||
| 650 |
_aHistory _zPhilippines. |
||
| 942 |
_2lcc _cBK |
||
| 999 |
_c283933 _d283933 |
||